000
00346nam a2200133Ia 4500
008
100328s9999 xx 000 0 und d
082
_b
49274
100
_a
पानवलकर श्री.दा.
245
_a
संजारी.
260
_b
मौज
630
_a
संजारी.
730
_a
संजारी.
942
_c
BOOK
999
_c
536699
_d
536696